Old age in an indifferent society (Record no. 8344)
[ view plain ]
| 000 -LEADER | |
|---|---|
| fixed length control field | 00303nam a2200133Ia 4500 |
| 020 ## - INTERNATIONAL STANDARD BOOK NUMBER | |
| ISBN | 9788192332635 |
| 082 ## - DEWEY DECIMAL CLASSIFICATION NUMBER | |
| Classification number | 305.26 NAI-; |
| 245 #0 - TITLE STATEMENT | |
| Title | Old age in an indifferent society |
| 260 ## - PUBLICATION, DISTRIBUTION, ETC. (IMPRINT) | |
| Place of publication | Bangalore |
| Name of publisher | Niruta Publications |
| Year of publication | 2013 |
| 300 ## - PHYSICAL DESCRIPTION | |
| Number of Pages | 146 |
| 650 ## - SUBJECT ADDED ENTRY--TOPICAL TERM | |
| Topical Term | AGED |
| 700 ## - ADDED ENTRY--PERSONAL NAME | |
| Personal name | Nair, T.K. |
| 942 ## - ADDED ENTRY ELEMENTS (KOHA) | |
| Koha item type | Books |
| Withdrawn status | Lost status | Damaged status | Not for loan | Home library | Current library | Date acquired | Source of acquisition | Bill Date | Full call number | Accession Number | Price effective from | Koha item type |
|---|---|---|---|---|---|---|---|---|---|---|---|---|
| NASSDOC Library | NASSDOC Library | 28/07/2014 | Gifted by : the author | 2014-03-12 | 305.26 NAI-; | 48484 | 18/04/2019 | Books |
